| 000 | 00346nam a2200145Ia 4500 | ||
|---|---|---|---|
| 008 | 150201s2008 xx 000 0 und d | ||
| 082 |
_a611 _bC08S |
||
| 100 | _aSNELL, R.S. | ||
| 245 | _aCLINICAL ANATOMY BY REGIONS | ||
| 250 | _a8TH | ||
| 260 |
_bWOLTER KLUWER _aDELHI _c2008 |
||
| 300 | _a1-926 | ||
| 650 | _aHUMAN ANATOMY | ||
| 942 |
_2ddc _cBK _04 |
||
| 999 |
_c1279 _d1279 |
||